Lekcii po gruppam LI /

Saved in:
Bibliographic Details
Main Author: Adams, Frank John (Author)
Other Authors: Kamyšanskij, N. P. (Translator)
Format: Book
Language:Czech
Published: Moskva : Nauka, 1979
Series:rz1
Online Access: Get full text
Tags: Add Tag
No Tags, Be the first to tag this record!

MARC

LEADER 00000cam a2200000 4500
003 SK-BrCVT
005 20220618084224.0
008 091027s1979 cs e ||||||cze d
035 |a CVTIDWR031174 
040 |a    |b slo  |c    |d   
041 0 |a cze 
044 |a cs 
100 |a Adams, Frank John  |4 aut 
245 1 0 |a Lekcii po gruppam LI /  |c Frank John Adams ; perevod s anglijskogo: N. P. Kamyšanskij 
260 3 |a Moskva :  |b Nauka,  |c 1979 
300 |a 143 s. 
700 |a Kamyšanskij, N. P.  |4 trl 
830 |a rz1 
974 |f Knihy 
999 |c 205921  |d 205921